Musiikkia kirjaimittain- R - Statistics

Yleistilastot
  • Tätä visaa on pelattu 113 kertaa
  • Keskiarvotulos 6 / 15
Vastaustilastot
Kappaleet Maa Aktiivisena Artisti/bändi % Oikein
Mutter | Du Hast Saksa 1994- Rammstein
72%
Sua varten | Täydellinen ex Suomi 2012- Robin
71%
Paratiisi | Jykevää on rakkaus Suomi 1963-1987 Rauli Badding Somerjoki
62%
Don’t Stop the Music | S&M Barbados 2005- Rihanna
62%
Sen pituinen se | Madafakin darra Suomi 2010- Roope Salminen & Koirat
55%
Funeral Song | Chill Suomi 1994- The Rasmus
42%
Man on the Moon | Losing My Religion Yhdysvallat 1980-2011 R.E.M.
40%
Kato mua silmiin | Kääntöpuolii Suomi 1997- Reino Nordin
39%
Tosi tarttuva täytebiisi | Kumitissit Suomi 1989-1992, 1999-2001, 2010-2011, 2017-2019 Raptori
37%
Listen to Your Heart | Milk and toast and honey Ruotsi 1986-2019, 2024- Roxette
36%
Street Music | Clouds Suomi 2000- Redrama
33%
Gimme shelter | Honky tonk women Iso-Britannia 1962- Rolling Stones
23%
Breaking the Girl | Dani California Yhdysvallat 1983- Red Hot Chili Peppers
15%
Life is a Highway | My Wish Yhdysvallat 1999-2021 Rascal Flatts
7%
Your Song | Don’t Think Twice Iso-Britannia 2008- Rita Ora
4%
Ehtoja vastaavia visoja ei löytynyt
Tulosjakauma
Jokaisen tuloksen saaneiden osuus
Persentiili vastausten määrän mukaan
Tuloshistoriasi
Et ole pelannut tätä visaa